Online
Catalog

El diablo blanco / (Record no. 4204)

MARC details
000 -CABECERA
campo de control de longitud fija 00899cam a2200241 a 4500
001 - NÚMERO DE CONTROL
campo de control 000004395
005 - FECHA Y HORA DE LA ÚLTIMA TRANSACCIÓN
campo de control 20200929151433.0
008 - DATOS DE LONGITUD FIJA--INFORMACIÓN GENERAL
campo de control de longitud fija 860827s1979 sp 001 0 spa
020 ## - NÚMERO INTERNACIONAL ESTÁNDAR DEL LIBRO
Número Internacional Estándar del Libro 8427604890
Condiciones de disponibilidad 2.50
040 ## - FUENTE DE LA CATALOGACIÓN
Centro catalogador/agencia de origen DO-SdBNP
Centro/agencia transcriptor DLC
Centro/agencia modificador DLC
041 17 - CÓDIGO DE LENGUA
Código de lengua del texto/banda sonora o título independiente spa
Código de lengua original eng
Fuente del código Código de idioma MARC
082 ## - NÚMERO DE LA CLASIFICACIÓN DECIMAL DEWEY
Número de clasificación 822.1
Número de documento/Ítem W377d
100 1# - ENTRADA PRINCIPAL--NOMBRE DE PERSONA
Nombre de persona Webster, John,
Fechas asociadas al nombre 1580-1633.
9 (RLIN) 12936
245 13 - MENCIÓN DE TÍTULO
Título El diablo blanco /
Mención de responsabilidad, etc. John Webster ; traducción, introducción y notas, Fernándo Villaverde.
260 ## - PUBLICACIÓN, DISTRIBUCIÓN, ETC.
Lugar de publicación, distribución, etc. Madrid :
Nombre del editor, distribuidor, etc. Nacional,
Fecha de publicación, distribución, etc. 1979.
300 ## - DESCRIPCIÓN FÍSICA
Extensión 246 p. : ;
Dimensiones 18 cm.
490 1# - MENCIÓN DE SERIE
Mención de serie Biblioteca de la Literatura y el Pensamiento Universales
Designación de volumen o secuencia no. 29
650 #4 - PUNTO DE ACCESO ADICIONAL DE MATERIA--TÉRMINO DE MATERIA
Término de materia o nombre geográfico como elemento de entrada Teatro estadounidense
9 (RLIN) 4929
650 #4 - PUNTO DE ACCESO ADICIONAL DE MATERIA--TÉRMINO DE MATERIA
Término de materia o nombre geográfico como elemento de entrada Literatura estadounidense
9 (RLIN) 263
700 1# - PUNTO DE ACCESO ADICIONAL--NOMBRE DE PERSONA
Nombre de persona Villaverde, Fernándo,
Término indicativo de función/relación tr.
9 (RLIN) 12937
830 #0 - PUNTO DE ACCESO ADICIONAL DE SERIE-TÍTULO UNIFORME
Título uniforme Biblioteca de la Literatura y el Pensamiento Universales ;
Designación de volumen o secuencia no. 29.
9 (RLIN) 12938
910 ## - DATOS DE OPCIÓN DEL USUARIO (OCLC)
Datos de opción del usuario Catalogación por copia / LC
Holdings
Estado de retiro Estado de pérdida Restricciones de uso No para préstamo Código de colección Localización permanente Ubicación/localización actual Ubicación en estantería Fecha de adquisición Número de inventario Total de préstamos Signatura topográfica completa Código de barras Fecha visto por última vez Precio válido a partir de Tipo de ítem Koha
    Préstamo interno   Monografías: Libros y Folletos General General En catalogación 21.07.2009 LF1   822.1 W377d 4395-10 25.06.2020 25.06.2020 Préstamo interno

Powered by Koha